00703nam a2200133 a 450000100100000000500170001000800410002704000250006808200160009311000810010924502610019026000820045130000360053300003227220200930063557.0110714s1939 dr r 000 0 spa d aDO-SdBNPbspacBNPHU axxxxbR426c1 aRepública DominicanabConsejo Administrativo del Distrito de Santo Domingo10aMemoria que presenta al señor secretario de estado de la interior y policía y al Consejo Administrativo del Distrito de Santo Domingo, su presidente el Señor Don Virgilio Álvarez Pina, relativo a la labores relaizadas durante su el año de 1930 /. aSanto Domingo :bConsejo Administrativo del Distrito de Santo Domingo,c1939. a481 p. :bil., retrs. ;c24 cm.